000
00224nam a2200085Ia 4500
008
220204s9999 xx 000 0 und d
082
_a
058(540)
_b
THA
245
0
_a
Thacker's Indian directory including Burma 1942-43
942
_c
BK
999
_c
19840
_d
19840